<?xml version="1.0" encoding="UTF-8"?><?xml-stylesheet type="text/xsl" href="static/style.xsl"?><OAI-PMH xmlns="http://www.openarchives.org/OAI/2.0/" xmlns:xsi="http://www.w3.org/2001/XMLSchema-instance" xsi:schemaLocation="http://www.openarchives.org/OAI/2.0/ http://www.openarchives.org/OAI/2.0/OAI-PMH.xsd"><responseDate>2026-04-28T05:53:38Z</responseDate><request verb="GetRecord" identifier="oai:riubu.ubu.es:10259/8621" metadataPrefix="marc">https://riubu.ubu.es/oai/request</request><GetRecord><record><header><identifier>oai:riubu.ubu.es:10259/8621</identifier><datestamp>2024-02-08T01:05:30Z</datestamp><setSpec>com_10259_6688</setSpec><setSpec>com_10259_5086</setSpec><setSpec>com_10259_2604</setSpec><setSpec>com_10259_4141</setSpec><setSpec>col_10259_6689</setSpec><setSpec>col_10259_4142</setSpec></header><metadata><record xmlns="http://www.loc.gov/MARC21/slim" xmlns:doc="http://www.lyncode.com/xoai" xmlns:xsi="http://www.w3.org/2001/XMLSchema-instance" xmlns:dcterms="http://purl.org/dc/terms/" xsi:schemaLocation="http://www.loc.gov/MARC21/slim http://www.loc.gov/standards/marcxml/schema/MARC21slim.xsd">
<leader>00925njm 22002777a 4500</leader>
<datafield tag="042" ind1=" " ind2=" ">
<subfield code="a">dc</subfield>
</datafield>
<datafield tag="720" ind1=" " ind2=" ">
<subfield code="a">Rodríguez Fernández, Paula</subfield>
<subfield code="e">author</subfield>
</datafield>
<datafield tag="720" ind1=" " ind2=" ">
<subfield code="a">González Santos, Josefa</subfield>
<subfield code="e">author</subfield>
</datafield>
<datafield tag="720" ind1=" " ind2=" ">
<subfield code="a">Santamaría Peláez, Mirian</subfield>
<subfield code="e">author</subfield>
</datafield>
<datafield tag="720" ind1=" " ind2=" ">
<subfield code="a">Soto Cámara, Raúl</subfield>
<subfield code="e">author</subfield>
</datafield>
<datafield tag="720" ind1=" " ind2=" ">
<subfield code="a">Sánchez González, Esteban</subfield>
<subfield code="e">author</subfield>
</datafield>
<datafield tag="720" ind1=" " ind2=" ">
<subfield code="a">González Bernal, Jerónimo</subfield>
<subfield code="e">author</subfield>
</datafield>
<datafield tag="260" ind1=" " ind2=" ">
<subfield code="c">2021</subfield>
</datafield>
<datafield tag="520" ind1=" " ind2=" ">
<subfield code="a">Background: Home confinement and social distancing are two of the main public health measures to curb the spread of SARS-Cov-2, which can have harmful consequences on people’s mental health. This systematic review aims to identify the best available scientific evidence on the impact that home confinement and social distancing, derived from the SARS-CoV-2 pandemic, have had on the mental health of the general population in terms of depression, stress and anxiety. (2) Methods: A systematic search was conducted on PubMed, Scopus, Web of Science and ScienceDirect between 2 January 2021 and 7 January 2021, in accordance with the recommendations of the PRISMA Declaration. The selection of studies and the evaluation of their methodological quality were performed in pairs, independently and blindly, based on predetermined eligibility criteria. (3) Results: The 26 investigations reviewed were developed in different regions and countries. Factors that are associated with poor mental health were female gender, young ages, having no income and suffering from a previous psychiatric illness. Inadequate management of the pandemic by authorities and a lack or excess of information also contributed to worse mental health. (4) Conclusions: There are groups of people more likely to suffer higher levels of anxiety, depression and stress during the restrictive measures derived from COVID-19.</subfield>
</datafield>
<datafield tag="024" ind2=" " ind1="8">
<subfield code="a">1660-4601</subfield>
</datafield>
<datafield tag="024" ind2=" " ind1="8">
<subfield code="a">http://hdl.handle.net/10259/8621</subfield>
</datafield>
<datafield tag="024" ind2=" " ind1="8">
<subfield code="a">10.3390/ijerph18126528</subfield>
</datafield>
<datafield tag="024" ind2=" " ind1="8">
<subfield code="a">1660-4601</subfield>
</datafield>
<datafield ind1=" " ind2=" " tag="653">
<subfield code="a">COVID-19</subfield>
</datafield>
<datafield ind1=" " ind2=" " tag="653">
<subfield code="a">Pandemic</subfield>
</datafield>
<datafield ind1=" " ind2=" " tag="653">
<subfield code="a">Home confinement</subfield>
</datafield>
<datafield ind1=" " ind2=" " tag="653">
<subfield code="a">Social distancing</subfield>
</datafield>
<datafield ind1=" " ind2=" " tag="653">
<subfield code="a">Mental health</subfield>
</datafield>
<datafield ind1=" " ind2=" " tag="653">
<subfield code="a">Adults</subfield>
</datafield>
<datafield ind1=" " ind2=" " tag="653">
<subfield code="a">General population</subfield>
</datafield>
<datafield ind1=" " ind2=" " tag="653">
<subfield code="a">Anxiety</subfield>
</datafield>
<datafield ind1=" " ind2=" " tag="653">
<subfield code="a">Depression</subfield>
</datafield>
<datafield ind1=" " ind2=" " tag="653">
<subfield code="a">Stress</subfield>
</datafield>
<datafield tag="245" ind1="0" ind2="0">
<subfield code="a">Psychological Effects of Home Confinement and Social Distancing Derived from COVID-19 in the General Population—A Systematic Review</subfield>
</datafield>
</record></metadata></record></GetRecord></OAI-PMH>